| 000 | 02578cam a22005654a 4500 | ||
|---|---|---|---|
| 999 |
_c529086 _d529086 |
||
| 001 | 14974302 | ||
| 003 | NUST | ||
| 005 | 20190919130429.0 | ||
| 008 | 070821m20079999ne a b 001 0 eng | ||
| 010 | _a 2007464287 | ||
| 038 | _aMSOHAIL | ||
| 040 |
_aDLC _cDLC _dDLC |
||
| 050 | 0 | 0 |
_aDS37 _b.E524 |
| 082 | 0 | 0 |
_a0 _223 |
| 100 |
_aMuhammad Mansoor _920947 |
||
| 245 | 0 | 4 | _aThe Encyclopaedia of Islam : |
| 246 | 1 | 4 | _aEI 3 |
| 246 | 3 | _aEncyclopaedia of Islam | |
| 246 | 3 | _aEncyclopedia of Islam | |
| 260 |
_aLahore ; _a: _b7th Sky Publicaitons, _c2007-<2019> |
||
| 300 |
_av. <768> : _billustrations (some color) ; _c27 cm. |
||
| 650 | 0 |
_aIslamic civilization _vEncyclopedias. _920948 |
|
| 650 | 0 |
_aIslam _vEncyclopedias. _920949 |
|
| 651 | 0 |
_aIslamic countries _vEncyclopedias. _920950 |
|
| 700 | 1 |
_aMuhammad Mansoor _920947 |
|
| 906 |
_a7 _bcbc _corignew _d2 _encip _f20 _gy-gencatlg |
||
| 942 |
_2ddc _cBK |
||